| 000 -LEADER |
| fixed length control field |
00807cam a22002657i 4500 |
| 001 - CONTROL NUMBER |
| control field |
64428 |
| 003 - CONTROL NUMBER IDENTIFIER |
| control field |
BD-DhUAP |
| 005 - DATE AND TIME OF LATEST TRANSACTION |
| control field |
20201214123206.0 |
| 008 - FIXED-LENGTH DATA ELEMENTS--GENERAL INFORMATION |
| fixed length control field |
201214s1985 nyua b 001 0 eng d |
| 020 ## - INTERNATIONAL STANDARD BOOK NUMBER |
| International Standard Book Number |
007049763X |
| 035 ## - SYSTEM CONTROL NUMBER |
| System control number |
(OCoLC)ocn996402039 |
| 040 ## - CATALOGING SOURCE |
| Original cataloging agency |
YDX |
| Language of cataloging |
eng |
| Transcribing agency |
YDX |
| Modifying agency |
BD-DhUAP |
| 082 04 - DEWEY DECIMAL CLASSIFICATION NUMBER |
| Classification number |
690 PEU |
| Edition number |
23 |
| 100 ## - MAIN ENTRY--PERSONAL NAME |
| Personal name |
Peurifoy, R. L. |
| 245 00 - TITLE STATEMENT |
| Title |
Construction planning, equipment, and methods / |
| Statement of responsibility, etc. |
R. L. Peurifoy and W. B. Ledbetter. |
| 250 ## - EDITION STATEMENT |
| Edition statement |
4th ed. |
| 264 #1 - PRODUCTION, PUBLICATION, DISTRIBUTION, MANUFACTURE, AND COPYRIGHT NOTICE |
| Place of production, publication, distribution, manufacture |
New York : |
| Name of producer, publisher, distributor, manufacturer |
McGraw-Hill, |
| Date of production, publication, distribution, manufacture, or copyright notice |
c1985. |
| 300 ## - PHYSICAL DESCRIPTION |
| Extent |
xvi, 683 pages : |
| Other physical details |
illustrations ; |
| Dimensions |
24 cm |
| 490 ## - SERIES STATEMENT |
| Series statement |
McGraw-Hill series in construction engineering and project management. |
| 500 ## - GENERAL NOTE |
| General note |
Includes index. |
| 650 #0 - SUBJECT ADDED ENTRY--TOPICAL TERM |
| Topical term or geographic name entry element |
Building. |
| 650 #7 - SUBJECT ADDED ENTRY--TOPICAL TERM |
| Topical term or geographic name entry element |
Building materials. |
| 700 ## - ADDED ENTRY--PERSONAL NAME |
| Personal name |
Ledbetter, W. B. |
| 942 ## - ADDED ENTRY ELEMENTS (KOHA) |
| Source of classification or shelving scheme |
|
| Koha item type |
Book |